Talleres PAB Córdoba (Registro nro. 7222)

Detalles MARC
000 -CABECERA
Campo de control 00604nam a2200169 a 4500
090 ## - CLASIFICACIÓN LOCAL
Colección IAVH
Consecutivo 01299 CD-11
041 ## - IDIOMA
Código de idioma para texto/pista de sonido o título separado Español
245 ## - MENCION DE TITULO
Título Talleres PAB Córdoba
249 ## -
-- Informe de actividades de apoyo en los eventos de socialización y retroalimentación del PAB Córdoba
260 ## - PUBLICACION, DISTRIBUCION, ETC. (PIE DE IMPRENTA)
Lugar de publicación, distribución, etc. Montería
Nombre del editor, distribuidor, etc. IAVH
-- CVS
Fecha de publicación, distribución, etc. 2008
300 ## - DESCRIPCION FISICA
Extensión 1 CD
505 ## - NOTA DE CONTENIDO
Nota de contenido Primer y segundo taller PAB
650 ## - ASIENTO SECUNDARIO DE MATERIA - TERMINO TEMATICO
Término temático o nombre geográfico como elemento de entrada Planes de manejo
650 ## - ASIENTO SECUNDARIO DE MATERIA - TERMINO TEMATICO
Término temático o nombre geográfico como elemento de entrada Talleres de capacitación
662 ## - ASIENTO SECUNDARIO DE MATERIA - JERARQUIA DEL NOMBRE DE LUGAR(
Jurisdicción política de primer orden Córdoba
773 ## - Item fuente:
Título Informe de actividades de apoyo en los eventos de socialización y retroalimentación del PAB Córdoba

No hay ítems disponibles.